[Event "Wch Seniors 50 29th"]
[Site "Bucharest"]
[Date "2019.11.22"]
[Round "10"]
[White "Asanov, Almaz"]
[Black "Rewitz, Poul"]
[Result "0-1"]
[WhiteElo "2106"]
[BlackElo "2203"]
[PlyCount "44"]
[EventDate "2019.11.12"]
[EventType "swiss"]
[EventRounds "11"]
[EventCountry "ROU"]
[SourceTitle "CBM 193 Extra"]
[Source "ChessBase"]
[SourceDate "2020.01.31"]
[SourceVersion "1"]
[SourceVersionDate "2020.01.31"]
[SourceQuality "1"]

1. e4 c6 2. c4 d5 3. exd5 cxd5 4. cxd5 Nf6 5. Nc3 Nxd5 6. Bc4 Nxc3 7. Qf3 e6 8. dxc3 Bd7 9. Bf4 Bc6 10. Qg3 Nd7 11. 0-0-0 Qa5 12. Nf3 0-0-0 13. Rhe1 Ba4 14. Rd2 Be7 15. Ne5 Nxe5 16. Bxe5 Rxd2 17. Kxd2 Bf6 18. Bxf6 gxf6 19. Re3 Qh5 20. b3 Bc6 21. f3 Qc5 22. Rd3 b5 0-1

[Event "Wch Seniors 50 29th"]
[Site "Bucharest"]
[Date "2019.11.20"]
[Round "8"]
[White "Kostiukov, Alexandr"]
[Black "Asanov, Almaz"]
[Result "1-0"]
[WhiteElo "2289"]
[BlackElo "2106"]
[PlyCount "133"]
[EventDate "2019.11.12"]
[EventType "swiss"]
[EventRounds "11"]
[EventCountry "ROU"]
[SourceTitle "CBM 193 Extra"]
[Source "ChessBase"]
[SourceDate "2020.01.31"]
[SourceVersion "1"]
[SourceVersionDate "2020.01.31"]
[SourceQuality "1"]

1. c4 Nf6 2. Nc3 e6 3. e4 d5 4. e5 Ne4 5. Nxe4 dxe4 6. Qg4 Nc6 7. Qxe4 Qd4 8. Qxd4 Nxd4 9. Bd3 Bd7 10. Ne2 Nc6 11. f4 0-0-0 12. Be4 Bc5 13. a3 Nd4 14. b4 Bc6 15. Bxc6 Nc2+ 16. Kd1 Ne3+ 17. Ke1 Nc2+ 18. Kf1 Nxa1 19. Ba4 Bd4 20. h4 c6 21. c5 Rd7 22. Rh3 Rhd8 23. d3 Kc7 24. Nxd4 Rxd4 25. Ke2 a5 26. Bb2 Rxf4 27. Rh1 axb4 28. Rxa1 Ra8 29. Bc2 bxa3 30. g3 Rfa4 31. Bc3 R4a7 32. Ra2 Rd8 33. Bb3 b6 34. cxb6+ Kxb6 35. Ke3 Rad7 36. Bc4 Ra8 37. Ra1 Rb7 38. Bb4 Rba7 39. Kd4 Rd7+ 40. Kc3 c5 41. Bxa3 Kc6 42. Bb2 Rxa1 43. Bxa1 Rd4 44. Bb3 Rg4 45. Kd2 Rxg3 46. Ba4+ Kc7 47. Bd1 g6 48. Bc3 Rh3 49. Ba5+ Kc6 50. h5 gxh5 51. Bc3 Kd7 52. Ba4+ Ke7 53. Ke2 Kf8 54. Be1 Kg7 55. Bc6 c4 56. dxc4 f6 57. Bf3 fxe5 58. c5 Kf7 59. Bb7 Ke7 60. c6 Rh2+ 61. Kd3 e4+ 62. Kd4 e5+ 63. Kd5 Rc2 64. Bh4+ Ke8 65. Kd6 Rd2+ 66. Kc7 Rc2 67. Kb8 1-0

[Event "Wch Seniors 50 29th"]
[Site "Bucharest"]
[Date "2019.11.13"]
[Round "2"]
[White "Asanov, Almaz"]
[Black "Van der Werf, Mark"]
[Result "1-0"]
[WhiteElo "2106"]
[BlackElo "2401"]
[PlyCount "123"]
[EventDate "2019.11.12"]
[EventType "swiss"]
[EventRounds "11"]
[EventCountry "ROU"]
[SourceTitle "CBM 193 Extra"]
[Source "ChessBase"]
[SourceDate "2020.01.31"]
[SourceVersion "1"]
[SourceVersionDate "2020.01.31"]
[SourceQuality "1"]

1. e4 d6 2. d4 Nf6 3. Nc3 g6 4. Be3 c6 5. h3 Qa5 6. Bd3 e5 7. Nf3 Bg7 8. 0-0 0-0 9. Ne2 d5 10. Nxe5 dxe4 11. Bc4 Nd5 12. Bd2 Qb6 13. Bb3 Nd7 14. Nc4 Qc7 15. Ne3 Nxe3 16. Bxe3 c5 17. c3 Re8 18. Ng3 b6 19. Qd2 cxd4 20. cxd4 Ba6 21. Rfc1 Qd6 22. Bf4 Qxd4 23. Qxd4 Bxd4 24. Rc7 Ne5 25. Nxe4 Rec8 26. Nf6+ Kh8 27. Bxe5 Bxe5 28. Rxf7 Bxf6 29. Rxf6 Rc7 30. Rd1 Re8 31. Rfd6 Ree7 32. Re6 Kg7 33. Rxe7+ Rxe7 34. Rd2 Bb5 35. f3 Be8 36. a3 Bf7 37. Bc2 Rc7 38. Kf2 Kf6 39. Be4 Be6 40. Ke3 g5 41. f4 h6 42. f5 Bf7 43. Rd6+ Ke5 44. Rxh6 Rc1 45. Bd3 Rg1 46. Rh7 Bd5 47. Re7+ Kd6 48. Rxa7 Rxg2 49. Rh7 Ke5 50. Re7+ Kd6 51. Re8 Rxb2 52. Kd4 Ba2 53. Rh8 Rb3 54. Rh6+ Kd7 55. a4 Ke7 56. Bb5 Rf3 57. Ke4 Rg3 58. Rxb6 Rxh3 59. f6+ Kf7 60. Kf5 Rg3 61. Rb7+ Kf8 62. Rb8+ 1-0

[Event "Samara Polugaevsky Memorial 6th"]
[Site "Samara"]
[Date "2016.07.11"]
[Round "9"]
[White "Asanov, Almaz"]
[Black "Gulinsky, Vladimir"]
[Result "1-0"]
[WhiteElo "2126"]
[BlackElo "1986"]
[PlyCount "177"]
[EventDate "2016.07.03"]
[EventType "swiss"]
[EventRounds "9"]
[EventCountry "RUS"]
[SourceTitle "EXT 2019"]
[Source "ChessBase"]
[SourceDate "2018.10.10"]
[SourceVersion "1"]
[SourceVersionDate "2018.10.10"]
[SourceQuality "1"]

1. e4 c5 2. c3 d6 3. d4 Nf6 4. Bd3 Nc6 5. Nf3 Bg4 6. d5 Ne5 7. Nxe5 dxe5 8. f3 Bd7 9. 0-0 e6 10. c4 Bd6 11. Nc3 a6 12. Be3 0-0 13. Qd2 Nh5 14. Rad1 exd5 15. Nxd5 Bc6 16. Bc2 Nf4 17. Nxf4 exf4 18. Qxd6 fxe3 19. Qxd8 Rfxd8 20. Rxd8+ Rxd8 21. Rd1 Rd4 22. Kf1 Kf8 23. Bb3 b5 24. Ke2 bxc4 25. Bc2 Ke7 26. Kxe3 Rd6 27. Rxd6 Kxd6 28. f4 h6 29. Bd1 a5 30. Be2 Bb5 31. Kd2 f6 32. Kc3 Bc6 33. Bf3 Bb5 34. g3 g6 35. Kd2 Ke6 36. Bg4+ Kd6 37. Ke3 Ba4 38. Bh3 Bb5 39. Bc8 Kc7 40. Be6 Kd6 41. Bg8 g5 42. h4 Ba6 43. Kf3 Bc8 44. Bxc4 Bd7 45. Ke3 gxh4 46. gxh4 Bc8 47. a3 Bd7 48. Bg8 Ba4 49. Kf3 Bd7 50. Bf7 Bc8 51. Bh5 Bd7 52. Bg4 Be8 53. Bf5 Bh5+ 54. Kg3 Bd1 55. Bg6 Ke6 56. Kf2 Kd6 57. Bf7 Ke7 58. Bg8 Kd6 59. Ke3 Bg4 60. Bb3 Bh3 61. Kd3 Bf1+ 62. Kc3 Bb5 63. Bd5 Ba6 64. Ba8 Bb5 65. Bb7 Kc7 66. Bd5 Kd6 67. b4 cxb4+ 68. axb4 axb4+ 69. Kxb4 Bd3 70. Kc3 Bb1 71. Kd4 Bc2 72. Bc4 Bd1 73. e5+ fxe5+ 74. fxe5+ Ke7 75. Ke4 Kf8 76. Kf5 Kg7 77. e6 Ba4 78. e7 Bd7+ 79. Ke5 Kg6 80. Kd6 Be8 81. Be2 Kf6 82. Bg4 h5 83. Be6 Bg6 84. Kd7 Kg7 85. Kd8 Kf6 86. Bd7 Kg7 87. Be8 Bd3 88. Bxh5 Bb5 89. Bg4 1-0

[Event "Samara Polugaevsky Memorial 6th"]
[Site "Samara"]
[Date "2016.07.04"]
[Round "2"]
[White "Privorotsky, Oleg1111"]
[Black "Asanov, Almaz"]
[Result "0-1"]
[WhiteElo "1930"]
[BlackElo "2126"]
[PlyCount "80"]
[EventDate "2016.07.03"]
[EventType "swiss"]
[EventRounds "9"]
[EventCountry "RUS"]
[SourceTitle "EXT 2019"]
[Source "ChessBase"]
[SourceDate "2018.10.10"]
[SourceVersion "1"]
[SourceVersionDate "2018.10.10"]
[SourceQuality "1"]

1. e4 c6 2. Nf3 d5 3. Nc3 dxe4 4. Nxe4 Nd7 5. Bc4 e6 6. Qe2 Ngf6 7. Neg5 Nd5 8. d4 h6 9. Ne4 N7f6 10. 0-0 Be7 11. Rd1 0-0 12. Bb3 Qa5 13. c4 Nxe4 14. Qxe4 Nf6 15. Qe2 Re8 16. Bd2 Qh5 17. Bc3 Bd7 18. Qe5 Rad8 19. Bc2 Bc8 20. Rac1 Bd6 21. Qxh5 Nxh5 22. g3 Nf6 23. Bb1 b6 24. Ne5 Bb7 25. h3 c5 26. dxc5 Bxc5 27. b4 Bd6 28. Kf1 Ne4 29. Bxe4 Bxe4 30. Ke2 f6 31. Nd3 Kf7 32. Ke3 Bxd3 33. Rxd3 Ke7 34. f4 a5 35. bxa5 Bc5+ 36. Bd4 Rxd4 37. Rxd4 e5 38. axb6 exd4+ 39. Ke4 Kd6+ 40. Kf5 Bxb6 0-1

[Event "Samara Polugaevsky Memorial 6th"]
[Site "Samara"]
[Date "2016.07.03"]
[Round "1"]
[White "Asanov, Almaz"]
[Black "Stukopin, Andrey"]
[Result "0-1"]
[WhiteElo "2126"]
[BlackElo "2595"]
[PlyCount "96"]
[EventDate "2016.07.03"]
[EventType "swiss"]
[EventRounds "9"]
[EventCountry "RUS"]
[SourceTitle "CBM 173 Extra"]
[Source "ChessBase"]
[SourceDate "2016.08.29"]
[SourceVersion "1"]
[SourceVersionDate "2016.08.29"]
[SourceQuality "1"]

1. e4 c5 2. c3 d6 3. d4 Nf6 4. dxc5 Nc6 5. cxd6 Nxe4 6. Bd3 Nxd6 7. Nf3 g6 8. 0-0 Bg7 9. h3 0-0 10. Nbd2 f5 11. Nc4 Nf7 12. Bc2 Bf6 13. Bb3 Kg7 14. Ne3 e5 15. Qe2 e4 16. Nh2 Na5 17. Rd1 Qe8 18. Nd5 Be5 19. Nf1 Be6 20. Qc2 Rd8 21. Nf4 Nxb3 22. Rxd8 Nxd8 23. axb3 Nc6 24. b4 a6 25. Nxe6+ Qxe6 26. Qe2 Bb8 27. f3 Ne5 28. fxe4 f4 29. Qf2 Bc7 30. Bxf4 Bb6 31. Bxe5+ Kg8 32. Bd4 Rxf2 33. Bxf2 Bxf2+ 34. Kxf2 Qb3 35. Kg1 Qxb2 36. Rd1 Qxc3 37. Rd8+ Kg7 38. Rd7+ Kh6 39. Rxb7 Qd4+ 40. Kh2 Qxe4 41. Rb6 Qc4 42. Ng3 Kg5 43. Rb7 h5 44. Nh1 Qe4 45. Rf7 Qxb4 46. Nf2 a5 47. g3 a4 48. h4+ Kh6 0-1

[Event "Samara Polugaevsky Memorial 4th"]
[Site "Samara"]
[Date "2014.07.02"]
[Round "1"]
[White "Asanov, Almaz"]
[Black "Goganov, Aleksey"]
[Result "0-1"]
[WhiteElo "2108"]
[BlackElo "2590"]
[PlyCount "61"]
[EventDate "2014.07.02"]
[EventType "swiss"]
[EventRounds "9"]
[EventCountry "RUS"]
[SourceTitle "CBM 161 Extra"]
[Source "ChessBase"]
[SourceDate "2014.08.29"]
[SourceVersion "1"]
[SourceVersionDate "2014.08.29"]
[SourceQuality "1"]

1. e4 c5 2. Nf3 e6 3. Nc3 Nc6 4. Bb5 Nd4 5. Bc4 Ne7 6. 0-0 Nec6 7. Nxd4 cxd4 8. Ne2 Bc5 9. c3 0-0 10. d3 d5 11. Bb3 dxc3 12. Nxc3 dxe4 13. dxe4 Nd4 14. Bc4 Qh4 15. Be3 Rd8 16. Bxd4 Bxd4 17. Qe2 Bd7 18. Bb5 a6 19. Bxd7 Rxd7 20. g3 Qh3 21. Rad1 Rad8 22. Qf3 h5 23. Rd2 Qg4 24. Qxg4 hxg4 25. Rc1 Bf6 26. Rxd7 Rxd7 27. Rd1 Rc7 28. Rd3 b5 29. Rd6 b4 30. Na4 Rc2 31. a3 0-1

[Event "Astrakhan op"]
[Site "Astrakhan"]
[Date "2013.08.17"]
[Round "4"]
[White "Makarenko, Alexandra"]
[Black "Asanov, Almaz"]
[Result "1-0"]
[WhiteElo "2107"]
[BlackElo "2073"]
[PlyCount "59"]
[EventDate "2013.08.14"]
[EventType "swiss"]
[EventRounds "9"]
[EventCountry "RUS"]
[SourceTitle "CBM 156 Extra"]
[Source "ChessBase"]
[SourceDate "2013.10.22"]
[SourceVersion "1"]
[SourceVersionDate "2013.10.22"]
[SourceQuality "1"]

1. e4 e5 2. Nf3 Nc6 3. Bb5 a6 4. Ba4 Nf6 5. Qe2 Be7 6. 0-0 d6 7. c3 0-0 8. Rd1 Bg4 9. d4 Nd7 10. h3 Bxf3 11. Qxf3 b5 12. Bb3 Na5 13. Bc2 Bg5 14. Nd2 Qe7 15. a4 b4 16. d5 Rab8 17. cxb4 Rxb4 18. Qc3 Rfb8 19. Qxc7 Nc5 20. Qxe7 Bxe7 21. b3 Naxb3 22. Bxb3 Nxb3 23. Nxb3 Rxb3 24. Be3 g6 25. Rdc1 f5 26. Rc7 Kf8 27. a5 Rb1+ 28. Rxb1 Rxb1+ 29. Kh2 Bd8 30. Rc8 1-0

[Event "Astrakhan op"]
[Site "Astrakhan"]
[Date "2012.08.23"]
[Round "9"]
[White "Irgaliyev, Alikhan"]
[Black "Asanov, Almaz"]
[Result "0-1"]
[WhiteElo "1937"]
[BlackElo "2050"]
[PlyCount "42"]
[EventDate "2012.08.15"]
[EventType "swiss"]
[EventRounds "9"]
[EventCountry "RUS"]
[SourceTitle "CBM 150 Extra"]
[Source "ChessBase"]
[SourceDate "2012.10.19"]
[SourceVersion "1"]
[SourceVersionDate "2012.10.19"]
[SourceQuality "1"]

1. c4 Nf6 2. g3 e6 3. Nf3 d5 4. cxd5 exd5 5. Bg2 Bd6 6. d4 0-0 7. 0-0 c6 8. Nc3 Re8 9. Qc2 Nbd7 10. a4 a5 11. Re1 Bb4 12. Bd2 Ne4 13. Nxe4 dxe4 14. Ng5 Bxd2 15. Qxd2 e3 16. Qd3 Qxg5 17. f4 Qe7 18. Rf1 Nf6 19. h3 Be6 20. Qxe3 Bd5 21. Qe5 Qd7 0-1

[Event "Astrakhan op"]
[Site "Astrakhan"]
[Date "2012.08.19"]
[Round "5"]
[White "Kotenko, Pavel"]
[Black "Asanov, Almaz"]
[Result "1-0"]
[WhiteElo "2397"]
[BlackElo "2050"]
[PlyCount "75"]
[EventDate "2012.08.15"]
[EventType "swiss"]
[EventRounds "9"]
[EventCountry "RUS"]
[SourceTitle "CBM 150 Extra"]
[Source "ChessBase"]
[SourceDate "2012.10.19"]
[SourceVersion "1"]
[SourceVersionDate "2012.10.19"]
[SourceQuality "1"]

1. e4 e5 2. Nf3 Nc6 3. Bb5 a6 4. Ba4 Nf6 5. 0-0 Be7 6. Re1 b5 7. Bb3 0-0 8. c3 d5 9. exd5 Nxd5 10. Nxe5 Nxe5 11. Rxe5 c6 12. Bxd5 cxd5 13. d4 Bd6 14. Re3 Qh4 15. h3 Qf4 16. Re5 Qf6 17. Re1 Qg6 18. Qf3 Bd7 19. Be3 Rae8 20. Nd2 Re6 21. g3 Rfe8 22. Qg2 Bxg3 23. Qxg3 Qxg3+ 24. fxg3 Rxe3 25. Rxe3 Rxe3 26. Kf2 Re6 27. Nb3 Rf6+ 28. Kg2 Kf8 29. Nc5 Ke7 30. Re1+ Kd8 31. Re5 Kc8 32. Nxd7 Kxd7 33. Rxd5+ Kc7 34. Re5 Rd6 35. Re7+ Kc6 36. Rxf7 Rg6 37. Rf5 Kb6 38. Kf3 1-0